Statistics for Countries with 2-digit calling code

Click here to take the quiz!

General Stats

  • This quiz has been taken 17 times
  • The average score is 33 of 44

Answers on the Map

Answers color-coded by a green-red scale on the quiz's map according to % correct below.
 

Answer Stats

RegionCodeCountry% Correct
Europe+44United Kingdom
93%
Latin America+54Argentina
80%
Latin America+55Brazil
80%
Latin America+56Chile
80%
East Asia+86China
80%
Africa+20Egypt
80%
Europe+33France
80%
Europe+49Germany
80%
Europe+30Greece
80%
South Asia / Middle East+91India
80%
South Asia / Middle East+98Iran
80%
East Asia+81Japan
80%
SE Asia / Oceania+60Malaysia
80%
Europe+47Norway
80%
South Asia / Middle East+92Pakistan
80%
Latin America+51Peru
80%
Europe+48Poland
80%
Europe+40Romania
80%
East Asia+82South Korea
80%
Europe+46Sweden
80%
Europe+41Switzerland
80%
SE Asia / Oceania+66Thailand
80%
SE Asia / Oceania+61Australia
73%
Europe+43Austria
73%
Europe+32Belgium
73%
Latin America+57Colombia
73%
Europe+45Denmark
73%
SE Asia / Oceania+62Indonesia
73%
Europe+39Italy
73%
Latin America+52Mexico
73%
South Asia / Middle East+95Myanmar
73%
Europe+31Netherlands
73%
SE Asia / Oceania+64New Zealand
73%
SE Asia / Oceania+65Singapore
73%
Europe+34Spain
73%
South Asia / Middle East+90Turkey
73%
Latin America+58Venezuela
73%
East Asia+84Vietnam
73%
South Asia / Middle East+93Afghanistan
67%
Latin America+53Cuba
67%
Europe+36Hungary
67%
SE Asia / Oceania+63Philippines
67%
Africa+27South Africa
67%
South Asia / Middle East+94Sri Lanka
67%

Score Distribution

Percentile by Number Answered

Percent of People with Each Score

Your Score History

You have not taken this quiz